Hidden Names Quiz Stats

Quiz Updated Dec 7, 2012

Challenge
Share
Tweet
Embed
Score 0/26 Timer 06:00
0 Plays Today
Words Names % Correct
EPAULET PARSIMONYPaul Simon
84.1%
AUTOMATIC THANKSGIVINGTom Hanks
74.3%
GENEROUS BEWILDERMENTGene Wilder
73.5%
DESTINY INTIMACYTiny Tim
71.6%
INDIANAPOLIS ALBATROSSDiana Ross
68.5%
HARMONICALLY BASELESSMonica Seles
68.1%
CLOISTERED PLANETARIUMLois Lane
64.1%
SCARLET JUNGLECarl Jung
62.6%
ROSEANNE'S OPENNESSSean Penn
59.8%
INEVITABLE CHAPERONEEvita Peron
54.9%
CHEMOTHERAPY SIGNATUREMother Nature
53.6%
JOLLIEST UNORTHODOXYOllie North
53.2%
MACADAM PARKINGAdam Arkin
52.5%
Words Names % Correct
METHANE CHALLENGEEthan Allen
51.1%
MARCHING ANTONYMSMarc Antony
47.7%
COMPETENT PROSECUTORPete Rose
44.8%
BACTERIA GARRISONTeri Garr
38.5%
DISCOMBOBULATED CANDYLANDBob Dylan
34%
SEVENTH GARDENEREve Arden
30.4%
RAZZMATAZZ CHARISMAMata Hari
29.9%
SANITARY CHINCHILLAAnita Hill
29.3%
CHANGING SOLOMONHan Solo
27.9%
SHAMELESSLY STORMEDMel Torme
27.1%
RIDING EXAMINATIONIdi Amin
16.8%
PRETTY COBBLESTONESTy Cobb
14.6%
CLINDAMYCIN CONFEDERATELinda Eder
8.7%

You're not logged in!

Compare scores with friends on all Sporcle quizzes.
Sign Up with Email
OR
Log In

You Might Also Like...

Show Comments

Extras

Top Quizzes Today


Score Distribution

Your Account Isn't Verified!

In order to create a playlist on Sporcle, you need to verify the email address you used during registration. Go to your Sporcle Settings to finish the process.